000 00760nam a2200229Ia 4500
005 20260430150732.0
008 008 250103s9999 xx 000 0 hin d
037 _aTheses
040 _aCRL
040 _bhin
040 _chin
041 _2hin
041 _ahin
084 _qCRL
100 _aरामचन्द्र, ले.
_9864811
245 0 _aअर्थशास्त्र, मनुस्मृति एवं विष्णुपुराण में शुद्र: एक अनुशीलन
260 _c2021
300 _a226पृ0
700 _aदिल्ली विश्वविद्यालय. कला संकाय. हिन्दी विभाग
942 _cTH
999 _c1850519
_d1850519